000 00578nam a2200169Ia 4500
003 GCL
008 140319s9999 xx 000 0 ara d
040 _aGCL /
_cGCL
082 0 4 _a811.9
_bم ى
100 1 _aمحمد الفيتورى
245 1 0 _aيأتى العاشقون اليك /
_cمحمد الفيتورى
300 _a157 ص
490 _aكلمة من القران الكريم للفتيان والناشئين
_v0
650 0 4 _aالشعر العربى - دواوين وقصائد
650 0 4 _aالشعر العربى - العصر الحديث
942 _2ddc
_cBK
999 _c39632
_d39632